| 000 | 01337cam a22003497a 4500 | ||
|---|---|---|---|
| 003 | CHAP | ||
| 005 | 20220329134223.0 | ||
| 008 | 971013s1984 cr r 00010 spa d | ||
| 010 | _a17171 | ||
| 011 | _a18143 | ||
| 035 | _a22227 | ||
| 040 | _cCHAP | ||
| 082 | 0 | 4 |
_a633.15016 _bJ5 |
| 100 | 0 | 0 |
_aJiménez Saa, Humberto. _961644 |
| 245 | 1 | 0 |
_aBibliografía del Programa Cooperativo Centro americano para el Mejoramiento de Cultivos Alimenticios, 1953-1982 _cpor Humberto Jiménez Saa |
| 260 |
_aTurrialba, Costa Rica : _bCentro Agronómico Tropical de Investigación y Enseñanza, _c1984. |
||
| 300 | _a431 p. | ||
| 490 | 0 |
_aSerie bibliotecología y documentación. Bibliografía _v; 9 |
|
| 590 |
_aBATCH-UPD _b10 _c20130110 _lUCH01 _h0305 |
||
| 590 |
_aBATCH-UPD _b10 _c20130110 _lUCH01 _h2018 |
||
| 590 |
_aBATCH-UPD _b10 _c20130409 _lUCH01 _h2337 |
||
| 590 |
_aBATCH-UPD _b10 _c20130410 _lUCH01 _h1550 |
||
| 590 |
_aBATCH-UPD _b10 _c20130914 _lUCH01 _h1438 |
||
| 590 |
_aCONVERSION _b10 _c20130109 _lUCH01 _h1311 |
||
| 650 | 1 | 4 |
_aAgricultura _xBibliografia. _91321 |
| 650 | 1 | 4 |
_aFrijol _xBibliografía. _943339 |
| 650 | 1 | 4 |
_aMaíz _xBibliografía. _970892 |
| 830 | 0 |
_aSerie bibliotecología y documentación. Bibliografía _v; 9 _9104630 |
|
| 901 | _aBK | ||
| 942 | _cLIBRO | ||
| 949 |
_a633.15016 J5 _bBC _cC _d33724000570800 _eC _h66359 _i22227 _sb |
||
| 999 |
_c17171 _d17171 |
||